00420nam a22001337a 450000500170000001000090001702000260002603700250005210000170007724500390009426000420013327000890017530000220026420220823150602.0 aalka a9789390287505c150.00 bDiamond Pocket Books aMishra,Virad aPearls Of Adventure/cVirad Mishra aNew DelhibDiamond Pocket Booksc2020 aX-30, Okhla Industrial Area, Phase-IIbNew Delhie110020k011-40712200msales@dpb.in a72p.b21cm. (pbk)